Quiz sull'Afghanistan - Statistics

Statistiche generali
  • Questo quiz è stato fatto 791 volte
    787 dall'ultimo reset
  • Il punteggio medio è 8 su 20
Statistiche sulle risposte
Domanda Risposta % Corretto
Qual è la capitale dell'Afghanistan? Kabul
96%
Quale paese condivide il confine più corto con l'Afghanistan? Cina
68%
Quale gruppo terroristico ha governato l'Afghanistan dal 1996 al 2001? Talebani
67%
Quale paese ha invaso l'Afghanistan nel 1979? Unione Sovietica
60%
Quali sono le due lingue ufficiali dell'Afghanistan? Dari
57%
Qual è la valuta dell'Afghanistan? Afghani
54%
Qual è il libro più venduto sull'amicizia tra Amir e Hassan? Il Cacciatore di {Aquiloni}
51%
L'Afghanistan è responsabile del 90% della produzione mondiale di quale pianta? Papavero da oppio
50%
A quale ramo dell'Islam appartiene la maggior parte degli Hazara? Sciita
38%
Quale catena montuosa copre l'Afghanistan centrale? Hindu{Kush}
36%
Quali sono le due lingue ufficiali dell'Afghanistan? Pashto
33%
Quel gruppo ha distrutto due statue che si trovavano nella città di Bamyan nel 2001. Quale personaggio storico rappresentavano? Buddha
31%
Qual è la seconda città più popolosa dell'Afghanistan? Kandahar
31%
Qual è il nome del gruppo etnico dominante dell'Afghanistan? Pashtuns
31%
Qual è il soprannome dell'Afghanistan? Cimitero degli {Imperi}
30%
Chi è l'autore di quel libro? Khaled Hosseini
28%
Quale città dell'Afghanistan nordoccidentale era storicamente nota per il suo vino? Herat
22%
Chi è stato il presidente dell'Afghanistan dal 2004 al 2014? Hamid Karzai
18%
Quale passo di montagna tra l'Afghanistan e il Pakistan era una parte integrante dell'antica Via della Seta? Passo {Khyber}
17%
Quale poeta nacque nel 1207 nella città di Balkh e ora, secondo alcuni, è il poeta più venduto di tutti i tempi negli Stati Uniti? Jalal ad-Din Rumi
10%
Nessun quiz corrispondente trovato
Distribuzione punteggi
Percentuale di utenti per punteggio
Percentile per numero di risposta
I tuoi punteggi nel tempo
Non hai fatto questo quiz dall'ultimo reset